Same but different #11 - Statistics

General Stats
  • This quiz has been taken 23 times
  • The average score is 11 of 15
Answer Stats
Clues Answer % Correct
Three letter abbreviation of the twelfth month, or, greek prefix meaning ten Dec
100%
A group, lead singer, Phil Collins or the first book of the Bible Genesis
100%
Twelve inches, or, the bottom of something Foot
95%
A small rodent, or a computer peripheral Mouse
95%
The capital of the Isle of Man, or, surname of actors, Michael and Kirk Douglas
90%
A mans name, or, a baby kangaroo Joey
90%
A body of water, for paddling, or, a sport, played with a cue Pool
90%
Not poorly, or, a water collecting device, with pulley and bucket Well
90%
A high jump technique, Fosbury, or when cake-making goes wrong Flop
70%
Three under par in golf, or the nickname of professional swimmer, Michael Gross Albatross
65%
Something a dog enjoys, or mark of a brush, when painting Stroke
65%
Surname of Jim, who starred in Carry On films, but also, another name for grassy moorland, especially in Yorkshire Dale
50%
Wrinkle or lined area, on the field of play, in cricket Crease
40%
Film and musical theatre, 'Half a ______', or, pre-decimalisation, was written as 6d Sixpence
40%
A small, soft piece of material, or DJ Alan Freeman's nickname Fluff
30%
No matching quizzes found
Score Distribution
Percent of People with Each Score
Percentile by Number Answered
Your Score History
You have not taken this quiz